000 00869nam a2200229Ia 4500
003 GCL
008 140319s9999 xx 000 0 ara d
040 _aGCL /
_cGCL
082 0 4 _a953.02
_bص د
100 1 _aصالح احمد العلى
245 1 0 _aالدولة فى عهد الرسول : المجلد الثانى تثبيت الدولة وتوطيدها فى عهد الرسول (ص) وأبى بكر /
_cصالح احمد العلى
490 _a
650 0 4 _aالتاريخ الاسلامى
650 0 4 _aالرسول محمد صلى الله عليه وسلم
650 0 4 _aانتشار الاسلام
650 0 4 _aعصر الجهاد فى سبيل نشر الدعوة
650 0 4 _aالوفاة
650 0 4 _aالمهاجرون والانصار
650 0 4 _aالفتنة الكبرى
650 0 4 _aابوبكر الرازى
942 _2ddc
_cBK
999 _c40428
_d40428